banner koha

Mastite bovina na grande Porto Alegre, Rio Grande do Sul. 1. agentes etiologicos isolados durante o periodo de 1982-1985 (Registro n. 133195)

MARC details
000 -LÍDER
campo de controle de tamanho fixo 00977nas a2200301 4500
001 - NÚMERO DE CONTROLE
campo de controle BR9203515
003 - IDENTIFICADOR DO NÚMERO DE CONTROLE
campo de controle BR-BrBNA
005 - DATA E HORÁRIO DA ÚLTIMA TRANSAÇÃO
campo de controle 20231205092645.0
007 - CAMPO FIXO DE DESCRIÇÃO FÍSICA--INFORMAÇÃO GERAL
campo de controle de tamanho fixo ta
008 - CAMPO DE DADOS FIXOS--INFORMAÇÃO GERAL
campo de controle de tamanho fixo 230509b bl.|||p| |||| 00| 00por d
040 ## - FONTE DA CATALOGAÇÃO
Instituição da catalogação original BR-BrBNA
Idioma da catalogação por
Instituição que transcreveu o registro Biblioteca Nacional de Agricultura
041 ## - CÓDIGO DE IDIOMA
Código do idioma do texto/trilha sonora ou título diferente (Pt)
072 ## - CÓDIGO DE CATEGORIA DE ASSUNTO
Código de Categoria de Assunto L73
100 1# - ENTRADA PRINCIPAL--NOME PESSOAL
Nome pessoal Ferreiro, L.
100 1# - ENTRADA PRINCIPAL--NOME PESSOAL
Nome pessoal Ferreiro, C.L. da R.
100 1# - ENTRADA PRINCIPAL--NOME PESSOAL
Nome pessoal Bangel Junior, J.J.
100 1# - ENTRADA PRINCIPAL--NOME PESSOAL
Nome pessoal Soares, H.C.
100 1# - ENTRADA PRINCIPAL--NOME PESSOAL
Nome pessoal Moojen, V.
100 1# - ENTRADA PRINCIPAL--NOME PESSOAL
Nome pessoal Fernandes, J.C.T.
245 1# - TÍTULO
Título Mastite bovina na grande Porto Alegre, Rio Grande do Sul. 1. agentes etiologicos isolados durante o periodo de 1982-1985
650 ## - ASSUNTO--TERMO TÓPICO
Cabeçalho tópico ou nome geográfico MAMITE
650 ## - ASSUNTO--TERMO TÓPICO
Cabeçalho tópico ou nome geográfico BOVINO
650 ## - ASSUNTO--TERMO TÓPICO
Cabeçalho tópico ou nome geográfico PORTO ALEGRE
650 ## - ASSUNTO--TERMO TÓPICO
Cabeçalho tópico ou nome geográfico RIO GRANDE DO SUL
773 0# - ENTRADA ANALÍTICA
Título Arquivos da Faculdade de Veterinaria da Universidade Federal do Rio Grande do sul (Brazil)
ISSN - International Standard Serial Number ISSN 0101-5230
Partes relacionadas (Dec 1985), v. 13 p. 81-88
Número de controle do registro BR9203515
909 ## -
-- 202311
-- Lúcia
-- 55
-- Lúcia Elande
942 ## - ELEMENTOS DE ENTRADA ADICIONADOS (KOHA)
Fonte da classificação ou esquema de arquivamento na estante Classificação AGRIS
Ocultar no OPAC Não
Tipo de material Koha Analítica
Exemplares
Situação do descarte Fonte da classificação ou esquema de arquivamento na estante Situação física Não pode ser emprestado Biblioteca de origem Biblioteca atual Localização na estante Enumeração do periódico / cronologia Total de empréstimos Data de último acesso Número do exemplar Tipo de material Koha Fonte de aquisição
  Classificação AGRIS   Consulta local Biblioteca Nacional de Agricultura - Binagri Biblioteca Nacional de Agricultura - Binagri   (Dec 1985), v. 13 p. 81-88   29/11/2023 01 Periódicos Portaria Interministerial nº 164/94

BINAGRI

Telefone: (61)3218-2567/2388/3357/2097 - binagri@agro.gov.br

Ministério da Agricultura e Pecuária , Esplanada dos Ministérios, Bloco D, Anexo B, Brasília/DF, CEP: 70.043-900